Η κλασική αρχαιότητα στη σκέψη του Καρλ Μαρξ
Αποθηκεύτηκε σε:
| Κύριος συγγραφέας: | |
|---|---|
| Μορφή: | Βιβλίο |
| Γλώσσα: | Greek |
| Δημοσίευση: |
Αθήνα :
Ύψιλον / Βιβλία,
1986.
|
| Σειρά: | Δοκίμια - Μελέτες (Ύψιλον / Βιβλία)
12 |
| Θέματα: | |
| Ετικέτες: |
Προσθήκη ετικέτας
Δεν υπάρχουν, Καταχωρήστε ετικέτα πρώτοι!
|
MARC
| LEADER | 00000cam a2200000 a 4500 | ||
|---|---|---|---|
| 001 | 1/123949 | ||
| 008 | 211123s1986####gr | ||| |||| ||gre|| | ||
| 040 | |a GR-MyUa |b gre |c GR-MyUa |e AACR2 | ||
| 041 | 0 | |a gre | |
| 082 | 7 | |a 335.4 |2 (23) | |
| 100 | 1 | |a Ροζάνης, Στέφανος, |d 1942- | |
| 245 | 1 | 2 | |a Η κλασική αρχαιότητα στη σκέψη του Καρλ Μαρξ / |c Στέφανος Ροζάνης. |
| 260 | |a Αθήνα : |b Ύψιλον / Βιβλία, |c 1986. | ||
| 300 | |a 44 σ. ; |c 21 εκ. | ||
| 490 | 1 | |a (Δοκίμια-Μελέτες / Ύψιλον / Βιβλία ; |v 12) | |
| 504 | |a Περιλαμβάνει βιβλιογραφικές παραπομπές. | ||
| 600 | 1 | 0 | |a Marx, Karl, |d 1818-1883. |
| 830 | 0 | |a Δοκίμια - Μελέτες (Ύψιλον / Βιβλία) |v 12 | |
| 970 | |a Κοντού |b Παρασκευή |z 23/11/2021 | ||